LIBRARY & INFORMATION CENTRE, KCAET, TAVANUR

ONLINE PUBLIC ACCESS CATALOGUE (OPAC)

Basic electrical engineering, Vol 2 / (Record no. 6198)

MARC details
000 -LEADER
fixed length control field 00493cam a2200193ua 4500
020 ## - INTERNATIONAL STANDARD BOOK NUMBER
ISBN 0-07-451587-X
041 ## - LANGUAGE CODE
Language code of text/sound track or separate title eng
082 ## - DEWEY DECIMAL CLASSIFICATION NUMBER
Classification number 621.3
Item number DHO/BA
100 ## - MAIN ENTRY--AUTHOR NAME
Personal name Dhogal , P S .
245 ## - TITLE STATEMENT
Title Basic electrical engineering, Vol 2 /
260 ## - PUBLICATION, DISTRIBUTION, ETC. (IMPRINT)
Place of publication New Delhi :
Name of publisher Tata Mc-Graw Hill Publishing Company ,
Year of publication 1987.
300 ## - PHYSICAL DESCRIPTION
Number of Pages 466 ; .
500 ## - GENERAL NOTE
General note *CSS
942 ## - ADDED ENTRY ELEMENTS (KOHA)
Koha item type Books
Holdings
Withdrawn status Lost status Damaged status Home library Current library Date acquired Full call number Accession Number Koha item type Shelving location
      KAUAET KAUAET 07/04/2012 621.3 19600 Books  
      KAUAET KAUAET 04/09/2018 621.3 DHO/BA 19599 Book Bank scheme for SC students Scheme
free website counter